[Event "DSJ Weihnachtsturnier U16: Steinitz 2020"]
[Site ""]
[Date "2020.12.28"]
[Round "4"]
[White "Vecera, Fabio"]
[Black "Miller, Jonathan"]
[Result "0-1"]
[Termination "normal"]
[Board "5.2"]
[WhiteElo "1527"]
[BlackElo "1507"]
[WhiteTeam "VfB Schach Leipzig"]
[BlackTeam "SK Johanneum Eppendorf"]
[PlyCount "92"]
[WhiteFideId "16281705"]
[BlackFideId "34631585"]
[EventRounds "7"]
[EventType "team-swiss"]
[EventDate "2020.12.28"]

1. e4 {[%emt 0:00:05]} e5 {[%emt 0:00:13]} 2. Nf3 {[%emt 0:00:12]} Nf6 { [%emt
0:00:02]} 3. Nxe5 {[%emt 0:00:04]} Nc6 {[%emt 0:00:01]} 4. Nxc6 {[%emt
0:00:03]} dxc6 {[%emt 0:00:00]} 5. Nc3 {[%emt 0:00:16]} Bc5 {[%emt 0:00:07]} 6.
Bc4 {[%emt 0:00:09]} Ng4 {[%emt 0:00:12]} 7. O-O {[%emt 0:00:07]} Qh4 {[%emt
0:00:02]} 8. h3 {[%emt 0:00:08]} Nxf2 {[%emt 0:00:02]} 9. Bxf7+ {[%emt
0:00:38]} Kf8 {[%emt 0:00:21]} 10. d4 {[%emt 0:00:06]} Nxd1 {[%emt 0:00:22]}
11. Bh5+ { [%emt 0:00:09]} Ke7 {[%emt 0:00:16]} 12. Rf7+ {[%emt 0:00:11]} Kd8
{[%emt 0:00:28]} 13. dxc5 {[%emt 0:00:09]} Qxh5 {[%emt 0:00:08]} 14. Rf3 {[%emt
0:00:08]} Nxc3 {[%emt 0:00:09]} 15. bxc3 {[%emt 0:00:00]} Qxc5+ {[%emt
0:00:04]} 16. Be3 {[%emt 0:00:06]} Qh5 {[%emt 0:00:30]} 17. Rd1+ {[%emt
0:00:05]} Bd7 {[%emt 0:00:09]} 18. Bf2 {[%emt 0:00:18]} Kc8 {[%emt 0:00:17]}
19. Rfd3 {[%emt 0:00:04]} Be6 {[%emt 0:00:28]} 20. g4 {[%emt 0:00:11]} Qf7
{[%emt 0:00:31]} 21. Bh4 { [%emt 0:00:07]} Bd7 {[%emt 0:00:28]} 22. e5 {[%emt
0:00:20]} Qe6 {[%emt 0:00:43]} 23. Rxd7 {[%emt 0:00:13]} Qxd7 {[%emt 0:00:05]}
24. Rxd7 {[%emt 0:00:01]} Kxd7 {[%emt 0:00:01]} 25. Kf2 {[%emt 0:00:03]} Ke6
{[%emt 0:00:01]} 26. Bg3 { [%emt 0:00:04]} Rhf8+ {[%emt 0:00:01]} 27. Ke3
{[%emt 0:00:02]} Rad8 {[%emt 0:00:04]} 28. Ke4 {[%emt 0:00:02]} h6 {[%emt
0:00:02]} 29. c4 {[%emt 0:00:07]} c5 {[%emt 0:00:02]} 30. c3 {[%emt 0:00:16]}
g5 {[%emt 0:00:02]} 31. h4 {[%emt 0:00:07]} b6 {[%emt 0:00:02]} 32. h5 {[%emt
0:00:06]} Rf1 {[%emt 0:00:08]} 33. Ke3 {[%emt 0:00:11]} Rg1 {[%emt 0:00:15]}
34. Kf2 {[%emt 0:00:12]} Rxg3 { [%emt 0:00:02]} 35. Kxg3 {[%emt 0:00:02]} Kxe5
{[%emt 0:00:00]} 36. Kf3 { [%emt 0:00:02]} Rd3+ {[%emt 0:00:01]} 37. Ke2 {[%emt
0:00:03]} Ke4 {[%emt 0:00:01]} 38. a4 {[%emt 0:00:07]} a5 {[%emt 0:00:03]} 39.
Kf2 {[%emt 0:00:06]} Rxc3 {[%emt 0:00:04]} 40. Ke2 {[%emt 0:00:02]} Rc2+ {[%emt
0:00:01]} 41. Kd1 { [%emt 0:00:02]} Kd3 {[%emt 0:00:01]} 42. Ke1 {[%emt
0:00:01]} Ra2 {[%emt 0:00:01]} 43. Kf1 {[%emt 0:00:02]} Ke3 {[%emt 0:00:01]}
44. Kg1 {[%emt 0:00:01]} Kf3 {[%emt 0:00:01]} 45. Kh1 {[%emt 0:00:01]} Kg3
{[%emt 0:00:03]} 46. Kg1 { [%emt 0:00:00]} Ra1# {[%emt 0:00:01]} 0-1

[Event "DSJ Weihnachtsturnier U16: Steinitz 2020"]
[Site ""]
[Date "2020.12.28"]
[Round "4"]
[White "Laucht, Philipp"]
[Black "Widmann, Maximilian"]
[Result "1/2-1/2"]
[Termination "normal"]
[Board "5.3"]
[WhiteElo "1481"]
[BlackElo "1573"]
[WhiteTeam "SK Johanneum Eppendorf"]
[BlackTeam "VfB Schach Leipzig"]
[PlyCount "61"]
[WhiteFideId "16244869"]
[BlackFideId "16281691"]
[EventRounds "7"]
[EventType "team-swiss"]
[EventDate "2020.12.28"]

1. e4 {[%emt 0:00:07] SKJE2-003 reconnected.} c6 {[%emt 0:00:06] SKJE2-003
reconnected. SKJE2-003 reconnected. SKJE2-003 reconnected.} 2. d4 {[%emt
0:01:05]} d5 {[%emt 0:00:06]} 3. Nc3 {[%emt 0:00:20] SKJE2-003 reconnected.}
dxe4 { [%emt 0:00:11] SKJE2-003 reconnected. SKJE2-003 reconnected.} 4. Nxe4
{[%emt 0:00:10]} Bf5 {[%emt 0:00:03]} 5. Ng3 {[%emt 0:00:02]} Bg6 {[%emt
0:00:03]} 6. h4 {[%emt 0:00:02]} h6 {[%emt 0:00:07]} 7. Nf3 {[%emt 0:00:04]}
Nf6 {[%emt 0:00:08]} 8. Bd3 {[%emt 0:00:12]} Bxd3 {[%emt 0:00:04]} 9. Qxd3
{[%emt 0:00:02]} e6 {[%emt 0:00:01]} 10. Bd2 {[%emt 0:00:12]} Bd6 {[%emt
0:00:05]} 11. O-O-O { [%emt 0:00:05]} Qc7 {[%emt 0:00:18]} 12. Rde1 {[%emt
0:00:29]} Nbd7 {[%emt 0:00:37]} 13. Nf5 {[%emt 0:00:32]} O-O-O {[%emt 0:00:26]}
14. Nxd6+ {[%emt 0:00:16]} Qxd6 {[%emt 0:00:04]} 15. Ne5 {[%emt 0:00:25]} Nxe5
{[%emt 0:00:29]} 16. Rxe5 {[%emt 0:00:03]} Nd7 {[%emt 0:00:16]} 17. Ree1 {[%emt
0:01:01]} Rhe8 { [%emt 0:00:33] SKJE2-003 offers a draw} 18. Bc3 {[%emt
0:00:41]} g6 {[%emt 0:00:52]} 19. Qf3 {[%emt 0:00:05]} Rf8 {[%emt 0:00:36]} 20.
Qd3 {[%emt 0:00:43]} c5 {[%emt 0:00:46]} 21. dxc5 {[%emt 0:00:45]} Qxd3 {[%emt
0:00:07]} 22. cxd3 { [%emt 0:00:05]} Nxc5 {[%emt 0:00:05]} 23. Kc2 {[%emt
0:00:02]} Nxd3 {[%emt 0:00:13]} 24. Re2 {[%emt 0:00:27]} Nf4 {[%emt 0:00:12]}
25. Re4 {[%emt 0:00:32]} Nd5 {[%emt 0:00:16]} 26. Bg7 {[%emt 0:00:09]} Rfe8
{[%emt 0:00:32]} 27. Bxh6 { [%emt 0:00:11]} Kd7 {[%emt 0:00:12]} 28. Rd4 {[%emt
0:00:17]} Kc6 {[%emt 0:00:05]} 29. Rc4+ {[%emt 0:00:29]} Kb6 {[%emt 0:00:15]}
30. Rh3 {[%emt 0:00:03]} Rc8 {[%emt 0:00:04]} 31. Rb3+ {[%emt 0:00:04]
VfBLeip2-003 offers a draw} 1/2-1/2

[Event "DSJ Weihnachtsturnier U16: Steinitz 2020"]
[Site ""]
[Date "2020.12.28"]
[Round "4"]
[White "Willberg, Marek"]
[Black "Hense, Toralf"]
[Result "1-0"]
[Termination "time forfeit"]
[Board "5.4"]
[WhiteElo "1386"]
[BlackElo "1470"]
[WhiteTeam "VfB Schach Leipzig"]
[BlackTeam "SK Johanneum Eppendorf"]
[PlyCount "97"]
[WhiteFideId "16224027"]
[EventRounds "7"]
[EventType "team-swiss"]
[EventDate "2020.12.28"]

1. c4 {[%emt 0:00:23]} Nf6 {[%emt 0:00:10]} 2. Nc3 {[%emt 0:00:03]} e5 { [%emt
0:00:29]} 3. g3 {[%emt 0:00:08]} d6 {[%emt 0:00:22]} 4. Bg2 {[%emt 0:00:04]}
Be6 {[%emt 0:00:07]} 5. Bxb7 {[%emt 0:00:07]} Nbd7 {[%emt 0:00:18]} 6. Bxa8
{[%emt 0:00:08]} Qxa8 {[%emt 0:00:02]} 7. Nf3 {[%emt 0:00:05]} Bxc4 { [%emt
0:00:03]} 8. d3 {[%emt 0:00:03]} Be6 {[%emt 0:00:09]} 9. e4 {[%emt 0:00:49]}
Bg4 {[%emt 0:00:31]} 10. h3 {[%emt 0:00:09]} Be6 {[%emt 0:00:12]} 11. g4 {
[%emt 0:00:07]} Nc5 {[%emt 0:00:10]} 12. Be3 {[%emt 0:00:17]} d5 {[%emt
0:00:40]} 13. Bxc5 {[%emt 0:00:38]} Bxc5 {[%emt 0:00:04]} 14. Nxe5 {[%emt
0:00:11]} dxe4 {[%emt 0:00:23]} 15. Qa4+ {[%emt 0:00:12]} Bd7 {[%emt 0:00:26]}
16. Nxd7 { [%emt 0:00:04]} Nxd7 {[%emt 0:00:01]} 17. Qxe4+ {[%emt 0:00:04]}
Qxe4+ { [%emt 0:00:11]} 18. dxe4 {[%emt 0:00:01]} Ne5 {[%emt 0:00:04]} 19. Rd1
{ [%emt 0:00:11]} O-O {[%emt 0:00:03]} 20. O-O {[%emt 0:00:10]} Re8 {[%emt
0:00:16]} 21. Kg2 {[%emt 0:00:03]} g6 {[%emt 0:00:29]} 22. f4 {[%emt 0:00:17]}
Nc4 { [%emt 0:00:07]} 23. Nd5 {[%emt 0:00:27]} c6 {[%emt 0:00:10]} 24. Nf6+
{[%emt 0:00:03]} Kf8 {[%emt 0:00:07]} 25. Nxe8 {[%emt 0:00:02]} Kxe8 {[%emt
0:00:16]} 26. Kf3 {[%emt 0:00:11]} Ne3 {[%emt 0:00:06]} 27. h4 {[%emt 0:00:14]}
Nxf1 { [%emt 0:00:11]} 28. Rxf1 {[%emt 0:00:02]} Bd4 {[%emt 0:00:01]} 29. b3
{[%emt 0:00:03]} Ke7 {[%emt 0:00:03]} 30. f5 {[%emt 0:00:03]} gxf5 {[%emt
0:00:04]} 31. exf5 {[%emt 0:00:02]} Kf6 {[%emt 0:00:03]} 32. Re1 {[%emt
0:00:10]} Bb6 { [%emt 0:00:11]} 33. a4 {[%emt 0:00:07]} Ba5 {[%emt 0:00:08]}
34. Re8 {[%emt 0:00:10]} h5 {[%emt 0:00:16]} 35. Ra8 {[%emt 0:00:46]} Bb6
{[%emt 0:00:09]} 36. b4 {[%emt 0:00:09]} c5 {[%emt 0:01:04]} 37. bxc5 {[%emt
0:00:08]} Bxc5 { [%emt 0:00:02]} 38. Rc8 {[%emt 0:00:06]} Be7 {[%emt 0:00:15]}
39. Rc6+ { [%emt 0:00:19]} Ke5 {[%emt 0:00:07]} 40. Rc7 {[%emt 0:00:13]} Bxh4
{[%emt 0:00:20]} 41. Rxf7 {[%emt 0:00:11]} hxg4+ {[%emt 0:00:05]} 42. Kxg4
{[%emt 0:00:02]} Bf6 {[%emt 0:00:03]} 43. Rxa7 {[%emt 0:00:05]} Kd5 {[%emt
0:00:06]} 44. Ra6 { [%emt 0:00:05]} Be5 {[%emt 0:00:08]} 45. Ra5+ {[%emt
0:00:05]} Kd4 {[%emt 0:00:07]} 46. Rxe5 {[%emt 0:00:01]} Kxe5 {[%emt 0:00:01]}
47. Kg5 {[%emt 0:00:01]} Kd6 {[%emt 0:00:02]} 48. Kg6 {[%emt 0:00:01]} Ke7
{[%emt 0:00:03]} 49. Kg7 { [%emt 0:00:03] TimeB} 1-0

[Event "DSJ Weihnachtsturnier U16: Steinitz 2020"]
[Site ""]
[Date "2020.12.28"]
[Round "4"]
[White "Tovmasyan, Minas"]
[Black "Möller, Maurin"]
[Result "0-1"]
[Termination "time forfeit"]
[Board "6.1"]
[WhiteElo "1771"]
[BlackElo "1627"]
[WhiteTeam "TuS Makkabi Rostock"]
[BlackTeam "SK Blauer Springer Paderborn 1926"]
[PlyCount "48"]
[WhiteFideId "16247620"]
[BlackFideId "16265696"]
[EventRounds "7"]
[EventType "team-swiss"]
[EventDate "2020.12.28"]

1. d4 {[%emt 0:00:05]} d5 {[%emt 0:00:02]} 2. c4 {[%emt 0:00:01]} c6 {[%emt
0:00:04]} 3. cxd5 {[%emt 0:00:02]} cxd5 {[%emt 0:00:01]} 4. Bf4 {[%emt
0:00:01]} Nf6 {[%emt 0:00:10]} 5. e3 {[%emt 0:00:10]} Nc6 {[%emt 0:00:01]} 6.
Nc3 { [%emt 0:00:01]} a6 {[%emt 0:00:15]} 7. Be2 {[%emt 0:00:05]} g6 {[%emt
0:00:05]} 8. Nf3 {[%emt 0:00:17]} Bg7 {[%emt 0:00:02]} 9. O-O {[%emt 0:00:02]}
O-O { [%emt 0:00:05]} 10. h3 {[%emt 0:00:12]} Bf5 {[%emt 0:00:08]} 11. a3
{[%emt 0:01:01]} Rc8 {[%emt 0:00:03]} 12. Rc1 {[%emt 0:00:19]} Ne4 {[%emt
0:00:04]} 13. g4 {[%emt 0:00:19]} Nxc3 {[%emt 0:00:05]} 14. bxc3 {[%emt
0:00:17]} Be4 { [%emt 0:00:09]} 15. c4 {[%emt 0:00:07]} Re8 {[%emt 0:00:14]}
16. cxd5 {[%emt 0:00:33]} Bxd5 {[%emt 0:00:11]} 17. Rc5 {[%emt 0:01:55]
Paderb2-001 reconnected.} Qd7 {[%emt 0:00:42]} 18. Qc2 {[%emt 0:01:17]} Bxf3
{[%emt 0:03:34]} 19. Bxf3 { [%emt 0:00:00]} Na7 {[%emt 0:00:01]} 20. Rb1 {[%emt
0:02:08]} b5 {[%emt 0:00:39]} 21. Rc7 {[%emt 0:01:00]} Rxc7 {[%emt 0:00:14]}
22. Qxc7 {[%emt 0:00:00]} Qxc7 {[%emt 0:00:50]} 23. Bxc7 {[%emt 0:00:00]} e5
{[%emt 0:00:50]} 24. Bb7 { [%emt 0:00:57]} Re7 {[%emt 0:00:03] TimeW} 0-1

[Event "DSJ Weihnachtsturnier U16: Steinitz 2020"]
[Site ""]
[Date "2020.12.28"]
[Round "4"]
[White "Klahold, Rona"]
[Black "Röste, Hugo"]
[Result "1-0"]
[Termination "normal"]
[Board "6.2"]
[WhiteElo "1547"]
[BlackElo "1597"]
[WhiteTeam "SK Blauer Springer Paderborn 1926"]
[BlackTeam "TuS Makkabi Rostock"]
[PlyCount "109"]
[WhiteFideId "16222970"]
[BlackFideId "16247604"]
[EventRounds "7"]
[EventType "team-swiss"]
[EventDate "2020.12.28"]

1. d4 {[%emt 0:00:00] Paderb2-002 reconnected.} d5 {[%emt 0:00:24]} 2. Bf4 {
[%emt 0:00:08] Rostock2-002 reconnected.} Nf6 {[%emt 0:00:48]} 3. e3 {[%emt
0:00:04]} Bf5 {[%emt 0:00:56]} 4. Nf3 {[%emt 0:00:11]} e6 {[%emt 0:00:05]} 5.
Nbd2 {[%emt 0:00:14]} Bd6 {[%emt 0:00:17]} 6. Ne5 {[%emt 0:00:05]} Bxe5 { [%emt
0:00:19]} 7. Bxe5 {[%emt 0:00:05]} Nbd7 {[%emt 0:00:22]} 8. Bf4 {[%emt
0:00:06]} O-O {[%emt 0:00:03]} 9. Nf3 {[%emt 0:00:03]} Ne4 {[%emt 0:00:12]} 10.
Bd3 {[%emt 0:00:14]} Rc8 {[%emt 0:00:26]} 11. O-O {[%emt 0:00:21]} c5 {[%emt
0:00:11]} 12. c3 {[%emt 0:00:04]} c4 {[%emt 0:00:05]} 13. Bc2 {[%emt 0:00:07]}
Re8 {[%emt 0:00:20]} 14. Ne5 {[%emt 0:00:34]} Nxe5 {[%emt 0:00:06]} 15. Bxe5 {
[%emt 0:00:02]} a6 {[%emt 0:00:17]} 16. Qf3 {[%emt 0:00:45]} Bg6 {[%emt
0:00:19]} 17. h3 {[%emt 0:00:28]} Nd2 {[%emt 0:00:08]} 18. Qg3 {[%emt 0:00:25]}
Nxf1 {[%emt 0:00:08]} 19. Rxf1 {[%emt 0:00:05]} Qd7 {[%emt 0:00:46]} 20. h4 {
[%emt 0:00:19]} f6 {[%emt 0:00:43]} 21. Bxg6 {[%emt 0:00:07]} hxg6 {[%emt
0:00:17]} 22. Bf4 {[%emt 0:00:20]} Qf7 {[%emt 0:00:05]} 23. Rd1 {[%emt
0:00:45]} b5 {[%emt 0:00:07]} 24. a3 {[%emt 0:00:05]} Re7 {[%emt 0:00:09]} 25.
Bd6 {[%emt 0:00:07]} Rb7 {[%emt 0:00:03]} 26. Re1 {[%emt 0:00:19]} Rb6 {[%emt
0:00:17]} 27. e4 {[%emt 0:00:28]} dxe4 {[%emt 0:00:14]} 28. Rxe4 {[%emt
0:00:04]} Re8 { [%emt 0:00:14]} 29. Bc5 {[%emt 0:00:05]} Rc6 {[%emt 0:00:05]}
30. Qf3 {[%emt 0:00:23]} Rcc8 {[%emt 0:00:24]} 31. Qf4 {[%emt 0:00:26]} Qc7
{[%emt 0:00:03]} 32. Bd6 {[%emt 0:00:23]} Qd7 {[%emt 0:00:05]} 33. Bc5 {[%emt
0:00:03]} Rc6 { [%emt 0:00:20]} 34. Qg3 {[%emt 0:00:20]} Kf7 {[%emt 0:00:08]}
35. Qg4 {[%emt 0:00:23]} f5 {[%emt 0:00:08]} 36. Qf4 {[%emt 0:00:16]} Qc7
{[%emt 0:00:12]} 37. Re5 {[%emt 0:00:07]} Rd8 {[%emt 0:00:14]} 38. Qg5 {[%emt
0:00:27]} Rd5 { [%emt 0:00:13]} 39. Rxd5 {[%emt 0:00:26]} exd5 {[%emt 0:00:05]}
40. h5 { [%emt 0:00:05]} Qd7 {[%emt 0:00:10]} 41. hxg6+ {[%emt 0:00:09]} Rxg6
{[%emt 0:00:03]} 42. Qf4 {[%emt 0:00:16]} Re6 {[%emt 0:00:18]} 43. g3 {[%emt
0:00:10]} Re4 {[%emt 0:00:04]} 44. Qf3 {[%emt 0:00:07]} Qd6 {[%emt 0:00:04]}
45. Bxd6 { [%emt 0:00:02]} Ke6 {[%emt 0:00:08]} 46. Be5 {[%emt 0:00:03]} g6
{[%emt 0:00:02]} 47. Qg2 {[%emt 0:00:10]} Re2 {[%emt 0:00:03]} 48. Qf1 {[%emt
0:00:03]} Rxb2 {[%emt 0:00:03]} 49. f3 {[%emt 0:00:02]} Rb3 {[%emt 0:00:03]}
50. g4 { [%emt 0:00:01]} Rxc3 {[%emt 0:00:04]} 51. gxf5+ {[%emt 0:00:02]} gxf5
{[%emt 0:00:03]} 52. Qh3 {[%emt 0:00:02]} Rc1+ {[%emt 0:00:09]} 53. Kf2 {[%emt
0:00:02]} c3 {[%emt 0:00:02]} 54. Qh6+ {[%emt 0:00:02]} Kd7 {[%emt 0:00:02]}
55. Qxc1 { [%emt 0:00:01]} 1-0

[Event "DSJ Weihnachtsturnier U16: Steinitz 2020"]
[Site ""]
[Date "2020.12.28"]
[Round "4"]
[White "Wellßow, Keoki"]
[Black "Rogalski, Niclas"]
[Result "0-1"]
[Termination "normal"]
[Board "6.3"]
[WhiteElo "1510"]
[BlackElo "1353"]
[WhiteTeam "TuS Makkabi Rostock"]
[BlackTeam "SK Blauer Springer Paderborn 1926"]
[PlyCount "60"]
[WhiteFideId "16251075"]
[BlackFideId "34640320"]
[EventRounds "7"]
[EventType "team-swiss"]
[EventDate "2020.12.28"]

1. c4 {[%emt 0:00:15]} e5 {[%emt 0:00:05]} 2. g3 {[%emt 0:00:02]} Nf6 {[%emt
0:00:04]} 3. Bg2 {[%emt 0:00:10]} d6 {[%emt 0:00:09]} 4. Nc3 {[%emt 0:00:03]}
Be6 {[%emt 0:00:28]} 5. b3 {[%emt 0:00:12]} Qd7 {[%emt 0:00:13]} 6. Bb2 {[%emt
0:00:24]} Nc6 {[%emt 0:00:11]} 7. e3 {[%emt 0:00:05]} Be7 {[%emt 0:00:09]} 8.
Nge2 {[%emt 0:00:11]} O-O {[%emt 0:00:10]} 9. O-O {[%emt 0:00:04]} Rad8 { [%emt
0:00:14]} 10. d4 {[%emt 0:00:06]} exd4 {[%emt 0:00:10]} 11. exd4 { [%emt
0:00:08]} d5 {[%emt 0:00:17]} 12. c5 {[%emt 0:00:33]} b6 {[%emt 0:00:25]} 13.
cxb6 {[%emt 0:00:17]} cxb6 {[%emt 0:00:08]} 14. Nf4 {[%emt 0:00:13]} Bb4 {
[%emt 0:01:01]} 15. a3 {[%emt 0:00:28]} Bxc3 {[%emt 0:00:05]} 16. Bxc3 { [%emt
0:00:09]} Ne4 {[%emt 0:00:13]} 17. Bxe4 {[%emt 0:00:45]} dxe4 {[%emt 0:00:05]}
18. Re1 {[%emt 0:00:28]} f5 {[%emt 0:00:22]} 19. Nxe6 {[%emt 0:00:18]} Qxe6
{[%emt 0:00:10]} 20. f3 {[%emt 0:00:22]} Rf7 {[%emt 0:00:38]} 21. d5 { [%emt
0:00:25]} Rxd5 {[%emt 0:00:18]} 22. Qc2 {[%emt 0:00:09]} Rd3 {[%emt 0:00:35]}
23. fxe4 {[%emt 0:00:21]} fxe4 {[%emt 0:00:08]} 24. Rad1 {[%emt 0:00:11]} Rdf3
{[%emt 0:00:31]} 25. Rxe4 {[%emt 0:00:11]} Qc8 {[%emt 0:00:32]} 26. Bb4 { [%emt
0:00:21]} Rf2 {[%emt 0:00:48]} 27. Qxf2 {[%emt 0:01:05]} Rxf2 {[%emt 0:00:05]}
28. Kxf2 {[%emt 0:00:02]} Nxb4 {[%emt 0:00:08]} 29. axb4 {[%emt 0:00:06]} Qc2+
{[%emt 0:00:09]} 30. Re2 {[%emt 0:00:03] Rostock2-003 offers a draw} Qxd1
{[%emt 0:00:08]} 0-1

[Event "DSJ Weihnachtsturnier U16: Steinitz 2020"]
[Site ""]
[Date "2020.12.28"]
[Round "4"]
[White "Klerx, Philipp"]
[Black "Janssen, Joris Frederik"]
[Result "0-1"]
[Termination "normal"]
[Board "6.4"]
[WhiteElo "1253"]
[BlackElo "1440"]
[WhiteTeam "SK Blauer Springer Paderborn 1926"]
[BlackTeam "TuS Makkabi Rostock"]
[PlyCount "130"]
[WhiteFideId "34640274"]
[BlackFideId "16287061"]
[EventRounds "7"]
[EventType "team-swiss"]
[EventDate "2020.12.28"]

1. e4 {[%emt 0:00:06]} c5 {[%emt 0:00:04]} 2. Bc4 {[%emt 0:00:03]} e6 {[%emt
0:00:04]} 3. Nc3 {[%emt 0:00:06]} a6 {[%emt 0:00:07]} 4. a4 {[%emt 0:00:05]}
Nc6 {[%emt 0:00:04] Paderb2-004 reconnected.} 5. Nf3 {[%emt 0:00:09]} Qc7
{[%emt 0:00:05]} 6. d3 {[%emt 0:00:05]} Be7 {[%emt 0:00:06]} 7. Be3 {[%emt
0:00:09]} b6 {[%emt 0:00:06]} 8. O-O {[%emt 0:00:12]} Bb7 {[%emt 0:00:06]} 9.
Qd2 {[%emt 0:00:21]} Nf6 {[%emt 0:00:06]} 10. b3 {[%emt 0:00:09]} O-O {[%emt
0:00:05]} 11. d4 {[%emt 0:00:11]} cxd4 {[%emt 0:00:20]} 12. Bxd4 {[%emt
0:00:04]} Bb4 { [%emt 0:00:17]} 13. Qe3 {[%emt 0:00:22]} Nxd4 {[%emt 0:00:11]}
14. Nxd4 { [%emt 0:00:14]} Bxc3 {[%emt 0:00:08] Paderb2-004 reconnected.} 15.
Qxc3 { [%emt 0:00:12]} Nxe4 {[%emt 0:00:04]} 16. Qe3 {[%emt 0:00:11]} Kh8
{[%emt 0:00:45]} 17. Bd3 {[%emt 0:00:06]} Nf6 {[%emt 0:00:17] Paderb2-004
reconnected.} 18. Nf3 {[%emt 0:00:29]} Ng4 {[%emt 0:00:10]} 19. Qg5 {[%emt
0:00:32]} Bxf3 { [%emt 0:00:04] Paderb2-004 reconnected.} 20. g3 {[%emt
0:00:18]} Qe5 {[%emt 0:00:14]} 21. Qh4 {[%emt 0:00:05]} g6 {[%emt 0:00:20]} 22.
Rfe1 {[%emt 0:00:18] Paderb2-004 : My f1e1 repeat. Rostock2-004 kibitzing!?}
Qf6 {[%emt 0:00:11]} 23. Qh3 {[%emt 0:00:29]} Bh1 {[%emt 0:00:30]} 24. Qxg4
{[%emt 0:00:19]} Bf3 { [%emt 0:00:09] Paderb2-004 reconnected.} 25. Qc4 {[%emt
0:00:27]} Rfc8 { [%emt 0:00:26] Paderb2-004 reconnected.} 26. Qb4 {[%emt
0:00:18] Paderb2-004 reconnected.} g5 {[%emt 0:00:51]} 27. Qxb6 {[%emt
0:00:09]} Qh6 {[%emt 0:00:06] } 28. Qd4+ {[%emt 0:00:28]} Kg8 {[%emt 0:00:31]}
29. h4 {[%emt 0:00:10]} gxh4 { [%emt 0:00:05]} 30. Qxh4 {[%emt 0:00:05]} Qxh4
{[%emt 0:00:10]} 31. gxh4 { [%emt 0:00:04]} Kh8 {[%emt 0:00:02]} 32. Re3 {[%emt
0:00:11]} Rg8+ {[%emt 0:00:08]} 33. Kf1 {[%emt 0:00:07]} Bg2+ {[%emt 0:00:17]}
34. Ke2 {[%emt 0:00:05]} Rac8 {[%emt 0:00:12] Paderb2-004 reconnected.} 35. Re5
{[%emt 0:00:10]} Bh3 { [%emt 0:00:09]} 36. Rh5 {[%emt 0:00:05]} Bg4+ {[%emt
0:00:09]} 37. Kd2 { [%emt 0:00:03]} Bxh5 {[%emt 0:00:03]} 38. Bxa6 {[%emt
0:00:02]} Rc5 {[%emt 0:00:08]} 39. Bb5 {[%emt 0:00:05]} d5 {[%emt 0:00:07]} 40.
Bd3 {[%emt 0:00:09]} Bg6 {[%emt 0:00:05]} 41. Be2 {[%emt 0:00:08]} Rxc2+ {[%emt
0:00:04]} 42. Kd1 { [%emt 0:00:08] Paderb2-004 reconnected.} Rb8 {[%emt
0:00:08]} 43. Ra3 {[%emt 0:00:11]} Rb2 {[%emt 0:00:09]} 44. Bb5 {[%emt
0:00:10]} Bc2+ {[%emt 0:00:23]} 45. Kc1 {[%emt 0:00:12]} Rxb3 {[%emt 0:00:03]}
46. Ra2 {[%emt 0:00:04]} Bd3 { [%emt 0:00:10]} 47. Kd2 {[%emt 0:00:05]} Bxb5
{[%emt 0:00:04]} 48. axb5 { [%emt 0:00:02]} R3xb5 {[%emt 0:00:03]} 49. Ke3
{[%emt 0:00:05]} Rb3+ {[%emt 0:00:15]} 50. Kd4 {[%emt 0:00:10]} Kg7 {[%emt
0:00:04]} 51. f4 {[%emt 0:00:05]} f6 {[%emt 0:00:03]} 52. Rg2+ {[%emt 0:00:03]}
Kf7 {[%emt 0:00:04]} 53. h5 { [%emt 0:00:03]} R3b4+ {[%emt 0:00:08]} 54. Kc3
{[%emt 0:00:04]} Rb3+ {[%emt 0:00:04] Paderb2-004 No Move} 55. Kd4 {[%emt
0:01:00]} R3b4+ {[%emt 0:00:05]} 56. Kc3 {[%emt 0:00:04]} Rc4+ {[%emt 0:00:04]}
57. Kd3 {[%emt 0:00:02]} Rb3+ { [%emt 0:00:03]} 58. Kd2 {[%emt 0:00:06]} Rb2+
{[%emt 0:00:03]} 59. Kd3 { [%emt 0:00:07]} Rxg2 {[%emt 0:00:04]} 60. f5 {[%emt
0:00:02]} exf5 {[%emt 0:00:03]} 61. h6 {[%emt 0:00:01]} Rg3+ {[%emt 0:00:02]}
62. Kd2 {[%emt 0:00:02]} Ra4 {[%emt 0:00:03]} 63. Ke2 {[%emt 0:00:05]} Ra2+
{[%emt 0:00:02]} 64. Kf1 { [%emt 0:00:02]} Rb3 {[%emt 0:00:02]} 65. Ke1 {[%emt
0:00:02]} Rb1# {[%emt 0:00:03]} 0-1